Normal view
MARC view
Entry Personal Name
001 - CONTROL NUMBER
- control field: 4642
003 - CONTROL NUMBER IDENTIFIER
- control field: ARRUPE
005 - DATE AND TIME OF LATEST TRANSACTION
- control field: 20131202175602.0
008 - FIXED-LENGTH DATA ELEMENTS
- fixed length control field: 131202|| aca||aabn | a|a d
040 ## - CATALOGING SOURCE
- Original cataloging agency: ARRUPE
- Transcribing agency: ARRUPE
100 ## - HEADING--PERSONAL NAME
- Personal name: Benedict
- Numeration: XVI,
- Titles and other words associated with a name: Pope,
- Dates associated with a name: 1927-
- Title of a work: Glaube, Vernunft und Universität.
670 ## - SOURCE DATA FOUND
- Source citation: Work cat.: (ARRUPE)0: Schall, James V. 4641, The Regensburg lecture /, 2007.